000 00631cam a22002173a 4500
001 35675
003 PGUSA
005 20140828083752.0
008 110324s2011||||xxu|||||s|||||000 | eng d
040 _aPGUSA
_beng
042 _adc
100 1 _aHolliday, Robert Cortes,
_d1880-1947
245 1 0 _aPeeps at People
_h[electronic resource] /
_cRobert Cortes Holliday
260 _bProject Gutenberg,
_c2011
506 _aPublic domain in the USA.
516 _aElectronic text
700 1 _aDuncan, Walter Jack,
_d1881-1941
830 0 _aProject Gutenberg
_v35675
856 4 0 _uhttp://www.gutenberg.org/ebooks/35675
942 _cEB
999 _c264930
_d264930